000 00959nam a22003017a 4500
003 CHAP
005 20220329141605.0
008 971013s1982 r 00010 d
010 _a70626
011 _a71598
035 _a81152
040 _cCHAP
090 _aTesis
100 0 0 _aCalderón Ochoa, Thelma.
_917414
245 _aPanorama económico de la cafeticultura a nivel mundial y nacional
260 _aMéxico, D. F. :
_bEl autor,
_c1982
300 _a132 h.
_b; gráfs.
502 _aTesis ( Lic. en Economía) -- UNAM. Fac. de Economía
590 _aALEPH
_b10
_c20130110
_lUCH01
_h1410
590 _aBATCH-UPD
_b10
_c20130110
_lUCH01
_h0611
590 _aBATCH-UPD
_b10
_c20130410
_lUCH01
_h0253
590 _aBATCH-UPD
_b10
_c20130914
_lUCH01
_h0811
590 _aCONVERSION
_b10
_c20130109
_lUCH01
_h1339
650 1 4 _aCafé
_xAspectos económicos
_xMéxico.
_917104
901 _aBK
942 _cTESIS
949 _bBC
_cTES
_d-34338
_eTS1
_i81152
_si
999 _c70626
_d70626